01638nam a22004094a 4500001001200000003000800012006001900020007001500039008004100054010001700095015001900112016002000131016001800151020001500169020001800184040002100202035002100223050002400244082001800268245014700286250001200433260004300445300003900488500007400527504005300601533015200654650004600806650004100852650005100893655002900944700002200973700002400995700002001019710001701039730004601056856012601102ebr10381780CaPaEBRm u cr cn|||||||||051230s2006 dcua sbf 001 0 eng  z 2005037941 aGBA6144482bnb7 z1012644982DNLM7 z0133806662Uk z155581364X z9781555813642 aCaPaEBRcCaPaEBR a(OCoLC)64791747214aRB46.5b.M36 2006eb04a616.07/5622200aManual of molecular and clinical laboratory immunologyh[electronic resource] /ceditors, Barbara Detrick, Robert G. Hamilton, James D. Folds. a7th ed. aWashington, D.C. :bASM Press,cc2006. axxvi, 1340 p. :bill. (some col.). aRev. ed. of: Manual of clinical laboratory immunology. 6th ed. c2002. aIncludes bibliographical references and indexes. aElectronic reproduction.bPalo Alto, Calif. :cebrary,d2013.nAvailable via World Wide Web.nAccess may be limited to ebrary affiliated libraries. 0aImmunodiagnosisvHandbooks, manuals, etc. 0aImmunologyvHandbooks, manuals, etc. 0aMolecular immunologyvHandbooks, manuals, etc. 7aElectronic books.2local1 aDetrick, Barbara.1 aHamilton, Robert G.1 aFolds, James D.2 aebrary, Inc.0 aManual of clinical laboratory immunology.40uhttp://site.ebrary.com/lib/rucke/Doc?id=10381780zAn electronic book accessible through the World Wide Web; click to view